[Event "TCh-ISR"]
[Site "ISR"]
[Date "2002.03.09"]
[Round "6"]
[White "Psakhis,L"]
[Black "Tunik,G"]
[Result "1/2-1/2"]
[WhiteElo "2572"]
[BlackElo "2469"]

1.Nf3 Nf6 2.c4 e6 3.Nc3 Bb4 4.Qc2 O-O 5.a3 Bxc3 6.Qxc3 b6 7.g3 Bb7 8.Bg2 d6
9.O-O Nbd7 10.b4 a5 11.Bb2 axb4 12.axb4 Qe7 13.d3 Rfc8 14.e4 Qf8 15.Nd2 Rxa1
16.Rxa1 Ra8 17.Ra3 e5 18.Bh3 Qe8 19.Nf1 Nf8 20.Rxa8 Qxa8 21.Qa3 Qxa3 22.Bxa3 Ne6
23.Bb2 Bc6 24.Ne3 Bd7 25.f3 h5 26.Kf2 h4 27.Bf1 hxg3+ 28.hxg3 Kf8 29.Be2 Ng8
30.Ng2 Ne7 31.f4 f6 32.Ke3 c5 33.f5 Nd4 34.b5 g6 35.g4 gxf5 36.gxf5 Be8 37.Bd1 d5
38.Kd2 dxc4 39.dxc4 Bf7 40.Ne3  1/2-1/2

[Event "XX Open"]
[Site "Andorra la Vella AND"]
[Date "2002.07.06"]
[Round "1"]
[White "Psakhis,L"]
[Black "Meneses Sanjose,J"]
[Result "1-0"]
[WhiteElo "2574"]
[BlackElo "2159"]

1.Nf3 Nf6 2.c4 b6 3.d4 Bb7 4.g3 e6 5.Bg2 Be7 6.Nc3 O-O 7.Qc2 c5 8.d5 d6 9.e4 Nbd7
10.dxe6 fxe6 11.Ng5 Re8 12.Nxe6 Qc8 13.Nf4 Ne5 14.O-O Bf8 15.b3 Bc6 16.Bb2 Bd7
17.Rad1 g5 18.Ncd5 Nxd5 19.Nxd5 Bg7 20.f4 gxf4 21.gxf4 Nc6 22.Bxg7 Kxg7 23.Qc3+  1-0

[Event "XX Open"]
[Site "Andorra la Vella AND"]
[Date "2002.07.08"]
[Round "3"]
[White "Psakhis,L"]
[Black "Jeremic,V"]
[Result "1-0"]
[WhiteElo "2574"]
[BlackElo "2482"]

1.c4 Nf6 2.Nc3 d5 3.cxd5 Nxd5 4.g3 g6 5.Bg2 Nb6 6.h4 h5 7.d3 Bg7 8.Be3 c6
9.Nf3 Na6 10.O-O Nc7 11.Rc1 Bg4 12.Qb3 Be6 13.Qa3 Nbd5 14.Bc5 Nxc3 15.bxc3 Nb5
16.Qb2 Bc8 17.a4 Nc7 18.Bd4 Bxd4 19.Nxd4 O-O 20.c4 c5 21.Nb5 Ne6 22.Qe5 a6
23.Nc3 a5 24.Rb1 Qd7 25.Rb5  1-0

[Event "XX Open"]
[Site "Andorra la Vella AND"]
[Date "2002.07.09"]
[Round "4"]
[White "Rizouk,A"]
[Black "Psakhis,L"]
[Result "0-1"]
[WhiteElo "2499"]
[BlackElo "2574"]

1.e4 e6 2.d4 d5 3.Nd2 c5 4.exd5 exd5 5.Ngf3 Nf6 6.Bb5+ Bd7 7.Bxd7+ Nbxd7
8.O-O Be7 9.dxc5 Nxc5 10.Nd4 Qd7 11.Qf3 O-O 12.N2b3 Nce4 13.Qf5 Qc7 14.Re1 g6
15.Bf4 Bd6 16.Bxd6 Qxd6 17.Qf3 Rfe8 18.h3 Re7 19.Qe3 Rae8 20.Nf3 a6 21.Rad1 Kg7
22.Nbd4 h6 23.Qd3 b5 24.c3 Nc5 25.Qc2 Qc7 26.Rxe7 Rxe7 27.Re1 Na4 28.Rxe7 Qxe7
29.b3 Nc5 30.c4 dxc4 31.bxc4 b4 32.Nc6 Qb7 33.Nfe5 Qb6 34.Qb2 a5 35.Qd4 a4
36.Nd3 Qxc6 37.Nxc5 a3 38.Nd3 Qa4 39.c5 Qd1+ 40.Kh2 b3 41.c6 b2 42.c7 b1=Q
43.c8=Q Qbxd3  0-1

[Event "XX Open"]
[Site "Andorra la Vella AND"]
[Date "2002.07.10"]
[Round "5"]
[White "Psakhis,L"]
[Black "Narciso Dublan,M"]
[Result "1-0"]
[WhiteElo "2574"]
[BlackElo "2460"]

1.e4 e5 2.Nf3 Nc6 3.Bb5 Nf6 4.O-O Nxe4 5.d4 Nd6 6.Bxc6 dxc6 7.dxe5 Nf5 8.Qxd8+ Kxd8
9.Nc3 Ne7 10.h3 Ng6 11.Bg5+ Ke8 12.Rad1 Bd7 13.Rd2 Be7 14.Bxe7 Kxe7 15.Nd4 Nf4
16.Kh2 Rhd8 17.Kg3 g5 18.Ne4 h6 19.h4 Be6 20.Rfd1 Nh5+ 21.Kh2 gxh4 22.Nc5 Rd5
23.Nxb7 Kf8 24.Nxc6 Rb5 25.Nbd8 Rxb2 26.a4 Rb6 27.Rd4 Ng7 28.Rxh4 Nf5 29.Rf4 Kg7
30.g4 Nh4 31.Nxe6+ fxe6 32.Rd7+ Kh8 33.Nd8 Kg8 34.Rf6 Rb1 35.Nxe6  1-0

[Event "XX Open"]
[Site "Andorra la Vella AND"]
[Date "2002.07.11"]
[Round "6"]
[White "Moreno Carnero,J"]
[Black "Psakhis,L"]
[Result "1/2-1/2"]
[WhiteElo "2494"]
[BlackElo "2574"]

1.e4 e6 2.d4 d5 3.Nc3 Bb4 4.exd5 exd5 5.Bd3 Nc6 6.a3 Bxc3+ 7.bxc3 Nf6 8.Ne2 O-O
9.O-O Na5 10.Re1 Re8 11.Ng3 Rxe1+ 12.Qxe1 Be6 13.Qe5 Nc4 14.Bxc4 Nd7 15.Qf4  1/2-1/2

[Event "XX Open"]
[Site "Andorra la Vella AND"]
[Date "2002.07.13"]
[Round "8"]
[White "Vera,R"]
[Black "Psakhis,L"]
[Result "1/2-1/2"]
[WhiteElo "2533"]
[BlackElo "2574"]

1.d4 e6 2.c4 Nf6 3.Nc3 Bb4 4.Qc2 O-O 5.Nf3 c5 6.dxc5 Na6 7.g3 Nxc5 8.Bg2 b6
9.O-O Bb7 10.Bd2 Nce4 11.Nxe4 Bxe4 12.Qb3 Bxd2 13.Nxd2 Bxg2  1/2-1/2

[Event "KB Czech Open"]
[Site "Pardubice CZE"]
[Date "2002.07.19"]
[Round "1"]
[White "Psakhis,L"]
[Black "Jansen,C"]
[Result "0-1"]
[WhiteElo "2574"]
[BlackElo "2298"]

1.c4 g6 2.e4 Bg7 3.d4 d6 4.Nc3 Nc6 5.d5 Nd4 6.Be3 e5 7.dxe6 Nxe6 8.Qd2 Ne7
9.Bh6 Bxh6 10.Qxh6 f5 11.Nf3 fxe4 12.Nxe4 Nf5 13.Qd2 O-O 14.O-O-O Nh4 15.Nd4 Nc5
16.Nc3 a5 17.g3 Bg4 18.Be2 Bxe2 19.Qxe2 Nf5 20.Nxf5 Rxf5 21.f4 Qd7 22.Rhe1 Rff8
23.Nd5 Qg7 24.Qd2 Rfe8 25.Re3 c6 26.Nb6 Rad8 27.Rxe8+ Rxe8 28.Qxd6 Re2 29.Qb8+ Kf7
30.Na4 Nxa4 31.Rd7+ Re7 32.Rxe7+ Kxe7 33.Qxb7+ Kf8 34.Qb3 Nc5 35.Qb8+ Ke7
36.Qc7+ Nd7 37.Qxa5 Qd4 38.Qe1+ Kf7 39.Qe2 Nb6 40.Kb1 Qxc4 41.Qxc4+ Nxc4
42.Kc2 Ke6 43.Kc3 Kd5 44.a4 c5 45.b4 Nd6 46.bxc5 Kxc5 47.Kd3 Kd5 48.a5 Nb7
49.a6 Nc5+ 50.Ke3 Nxa6 51.Kf3 Ke6 52.g4 Nc5 53.Ke3 Kf6 54.Kd4 Ne6+ 55.Ke4 g5
56.f5 Nf8 57.Kd4 Nd7 58.Ke4 Ne5 59.h3 h5 60.gxh5 Nf7 61.Kf3 Kxf5  0-1

[Event "KB Czech Open"]
[Site "Pardubice CZE"]
[Date "2002.07.27"]
[Round "9"]
[White "Psakhis,L"]
[Black "Shaposhnikov,E"]
[Result "1/2-1/2"]
[WhiteElo "2574"]
[BlackElo "2532"]

1.e4 c6 2.d4 d5 3.exd5 cxd5 4.c4 Nf6 5.Nc3 e6 6.Nf3 Bb4 7.Bd3 O-O 8.cxd5 exd5
9.O-O Bg4 10.Bg5 Be7 11.h3 Bh5 12.g4 Bg6 13.Bxg6 hxg6 14.Qb3 Nc6 15.Qxb7 Nb4
16.Rae1 Re8 17.Qb5 Rb8 18.Qe2 Ne4 19.Bxe7 Rxe7 20.Qd1 Nc6 21.Qc2 Nb4 22.Qd1 Nc6
23.Qc2 Nb4 24.Qd1  1/2-1/2

[Event "Andorra"]
[Site "Andorra la Vella AND"]
[Date "2003.07.05"]
[Round "1"]
[White "Bruned,Y"]
[Black "Psakhis,L"]
[Result "0-1"]
[WhiteElo "2125"]
[BlackElo "2550"]

1.e4 c5 2.Nf3 e6 3.d4 cxd4 4.Nxd4 Nf6 5.Nc3 d6 6.g4 Nc6 7.g5 Nd7 8.Be3 Be7
9.h4 O-O 10.Qh5 a6 11.O-O-O Nxd4 12.Bxd4 b5 13.Bd3 Ne5 14.f4 Nxd3+ 15.Rxd3 b4
16.Ne2 Qa5 17.Kb1 e5 18.fxe5 dxe5 19.Be3 Be6 20.b3 Rac8 21.Nc1 Qb5 22.Qe2 Rc7
23.Qg2 a5 24.h5 a4 25.g6 axb3 26.Nxb3 Ra8 27.Bh6 gxh6 28.gxf7+ Kxf7 29.Rf1+ Ke8
30.Qg7 Qxd3 31.cxd3 Kd7 32.Qxh7 Bxb3 33.axb3 Rca7 34.Qf5+ Kd6 35.Qg6+ Kd7
36.Qxh6 Ra1+  0-1

[Event "Andorra"]
[Site "Andorra la Vella AND"]
[Date "2003.07.08"]
[Round "4"]
[White "Psakhis,L"]
[Black "Berkovich,M"]
[Result "1/2-1/2"]
[WhiteElo "2550"]
[BlackElo "2410"]

1.d4 Nf6 2.c4 e6 3.g3 d5 4.Bg2 dxc4 5.Nf3 Nc6 6.Qa4 Bb4+ 7.Bd2 Bd6 8.Ne5 Bxe5
9.Bxc6+ bxc6 10.dxe5 Qd5 11.f3 Nd7 12.Nc3 Qc5 13.f4  1/2-1/2

[Event "Andorra"]
[Site "Andorra la Vella AND"]
[Date "2003.07.09"]
[Round "5"]
[White "Fernandez Romero,Ern"]
[Black "Psakhis,L"]
[Result "1/2-1/2"]
[WhiteElo "2434"]
[BlackElo "2550"]

1.e4 e6 2.d4 d5 3.Nd2 c5 4.exd5 exd5 5.Bb5+ Bd7 6.Qe2+ Be7 7.dxc5 Nf6 8.Ngf3 O-O
9.Nb3 Re8 10.Be3 a6 11.Bd3 Ba4 12.Nfd4 Nbd7 13.O-O Bxb3 14.c6 Ba4 15.cxd7 Bxd7
16.Bf5 g6 17.Bxd7 Qxd7 18.h3 Ne4 19.Rad1 b5 20.Qf3 b4 21.Ne2 Qb5 22.Nf4 Rad8
23.Nxd5 Rxd5 24.Qxe4 Rxd1 25.Rxd1 Bf6 26.Qd3 Qxd3 27.Rxd3 Bxb2 28.Bd2 a5
29.c3 bxc3 30.Bxc3 Bxc3 31.Rxc3 Re1+ 32.Kh2 Re2 33.Ra3 Rxf2 34.Rxa5 h5 35.h4 Kg7
36.Ra6 Rc2  1/2-1/2

[Event "KB Czech Open"]
[Site "Pardubice CZE"]
[Date "2003.07.19"]
[Round "2"]
[White "Psakhis,L"]
[Black "Onoprienko,V"]
[Result "1/2-1/2"]
[WhiteElo "2550"]
[BlackElo "2403"]

1.d4 d5 2.c4 c6 3.Nc3 Nf6 4.e3 a6 5.Qc2 g6 6.Bd3 Bg7 7.Nf3 Nbd7 8.cxd5 cxd5
9.a4 O-O 10.Bd2 Re8 11.Ne2 e5 12.dxe5 Ne4 13.O-O  1/2-1/2

[Event "KB Czech Open"]
[Site "Pardubice CZE"]
[Date "2003.07.20"]
[Round "3"]
[White "Haub,TM"]
[Black "Psakhis,L"]
[Result "1/2-1/2"]
[WhiteElo "2397"]
[BlackElo "2550"]

1.e4 c5 2.Nf3 d6 3.d4 cxd4 4.Nxd4 Nf6 5.Nc3 Be6 6.g4 h6 7.Be3 a6 8.Bg2 g5
9.Qe2 Nbd7 10.h4 Rg8 11.hxg5 hxg5 12.O-O-O Ne5 13.f3 Bd7 14.Nb3 b5 15.Bd4 Qc7
16.a3 Rb8 17.Bf1 a5 18.Kb1 a4 19.Nd2 b4 20.axb4 Rxb4 21.Qe3 Rb8 22.Ba7 Rb7
23.Bd4 Rb8 24.Ba7 Rb7 25.Bd4 Rb8  1/2-1/2

[Event "KB Czech Open"]
[Site "Pardubice CZE"]
[Date "2003.07.21"]
[Round "4"]
[White "Psakhis,L"]
[Black "Nun,Ji"]
[Result "1-0"]
[WhiteElo "2550"]
[BlackElo "2358"]

1.Nf3 Nf6 2.c4 b6 3.d4 e6 4.g3 Bb7 5.Bg2 Be7 6.O-O d5 7.cxd5 exd5 8.Nc3 O-O
9.Qc2 Qc8 10.Bf4 Na6 11.Rad1 c5 12.Be5 Ne4 13.dxc5 Bxc5 14.Qb3 Nxc3 15.Qxc3 f6
16.Bd4 Qe6 17.e3 Qf7 18.a3 Rac8 19.Qb3 Rfe8 20.Qa2 Bf8 21.Ne1 Nc7 22.Nd3 Bd6
23.a4 Rcd8 24.a5 Nb5 25.axb6 Nxd4 26.exd4 axb6 27.Qa7 b5 28.Qb6 Qd7 29.Rc1 Rb8
30.Bh3 Qxh3 31.Qxd6 Rbd8 32.Qb6 Bc8 33.Rfe1 Qf5 34.Qxb5 Bd7 35.Qb3 Re4 36.Nc5 Rxe1+
37.Rxe1 Bc8 38.Qe3 Qg6 39.b4 Bh3 40.b5 Rb8 41.Qb3 Qh5 42.b6 h6 43.b7 Kh8
44.Ra1 Qe2 45.Qd1 Qe8 46.Qf3 Bd7 47.Qf4 Bc6 48.Qc7 Kh7 49.Rb1 h5 50.h4 Qg6
51.Re1  1-0

[Event "KB Czech Open"]
[Site "Pardubice CZE"]
[Date "2003.07.23"]
[Round "6"]
[White "Psakhis,L"]
[Black "Simacek,P"]
[Result "1-0"]
[WhiteElo "2550"]
[BlackElo "2437"]

1.d4 Nf6 2.c4 c5 3.d5 e6 4.Nc3 exd5 5.cxd5 d6 6.e4 g6 7.h3 Bg7 8.Nf3 O-O
9.Bd3 Na6 10.O-O Nc7 11.Re1 Rb8 12.a4 a6 13.Bf1 b5 14.e5 dxe5 15.Nxe5 Bb7
16.d6 Ncd5 17.axb5 Nxc3 18.bxc3 axb5 19.Bg5 h6 20.Bxf6 Bxf6 21.Bxb5 Bxg2
22.Kxg2 Rxb5 23.Qd5 Bxe5 24.Rxe5 Qf6 25.Ra2 Kg7 26.d7 Rd8 27.Re1 Rbb8 28.Rae2 Qg5+
29.Qxg5 hxg5 30.Kg3 c4 31.Re5 Kf6 32.R5e3 Kg7 33.Kg4 Ra8 34.Re5 Rab8 35.Kf3 Kf6
36.Ke4 Rbc8 37.Rd1  1-0

[Event "1st Israel Int Op"]
[Site "Ashdod ISR"]
[Date "2003.10.13"]
[Round "2"]
[White "Psakhis,L"]
[Black "Livshits,G"]
[Result "1/2-1/2"]
[WhiteElo "2549"]
[BlackElo "2409"]

1.e4 c5 2.Nf3 e6 3.d3 Nc6 4.g3 Nge7 5.c3 g6 6.d4 cxd4 7.cxd4 Bg7 8.Nc3 d5
9.e5 f6 10.Bf4 O-O 11.Bg2 Nf5 12.O-O g5 13.exf6  1/2-1/2

[Event "1st Israel Int Op"]
[Site "Ashdod ISR"]
[Date "2003.10.15"]
[Round "6"]
[White "Psakhis,L"]
[Black "Nadanian,A"]
[Result "1-0"]
[WhiteElo "2549"]
[BlackElo "2388"]

1.d4 d5 2.c4 e6 3.Nf3 c5 4.cxd5 exd5 5.g3 Nc6 6.Bg2 Nf6 7.O-O Be7 8.dxc5 Bxc5
9.a3 a6 10.Qc2 Ba7 11.Bg5 h6 12.Bxf6 Qxf6 13.Nc3 Be6 14.Qb3 O-O 15.Nxd5 Bxd5
16.Qxd5 Qxb2 17.Rab1 Qxe2 18.Rxb7 Rac8 19.Bh3 Ne7 20.Qd2 Qxf3 21.Rxa7 Rcd8
22.Qb2 Rb8 23.Qa1 Nd5 24.Bg2 Qb3 25.Bxd5 Qxd5 26.Rxa6 Qd3 27.Ra4 Rb3 28.Rg4 g6
29.a4 Rfb8 30.Rd4 Qc3 31.a5 Ra8 32.a6 Qxa1 33.Rxa1 Rb6 34.a7 Rb7 35.Rda4 Kg7
36.g4 g5 37.Kg2 f6 38.Ra6 Kg6 39.R1a3 Kg7 40.h4 Rc7 41.Kg3 Rd7 42.f4 Rc7
43.Kf3 Re7 44.R3a5 Rf7 45.hxg5 hxg5 46.fxg5 fxg5+ 47.Ke4 Kh7 48.Kd5 Rc7 49.Kd6 Rf7
50.Kc6 Rg7 51.Kb6 Rg6+ 52.Kb7 Rgg8 53.Rc5 Kh8 54.Rh6+ Kg7 55.Rhc6  1-0

[Event "1st Israel Int Op"]
[Site "Ashdod ISR"]
[Date "2003.10.17"]
[Round "9"]
[White "Psakhis,L"]
[Black "Eljanov,V"]
[Result "1/2-1/2"]
[WhiteElo "2549"]
[BlackElo "2419"]

1.d4 Nf6 2.c4 g6 3.f3 d5 4.cxd5 Nxd5 5.e4 Nb6 6.Nc3 Bg7 7.Be3 O-O 8.Qd2 Be6
9.d5 Bc8 10.O-O-O e6 11.h4 exd5 12.exd5 c6 13.d6  1/2-1/2

[Event "ACP Blitz Prelim4"]
[Site "playchess.com INT"]
[Date "2004.04.15"]
[Round "1"]
[White "Psakhis,L"]
[Black "Shipov,S"]
[Result "0-1"]
[WhiteElo "2545"]
[BlackElo "2593"]

1.d4 Nf6 2.c4 g6 3.f3 d5 4.cxd5 Nxd5 5.e4 Nb6 6.Nc3 Bg7 7.Be3 O-O 8.Qd2 e5
9.d5 c6 10.h4 h5 11.Be2 cxd5 12.exd5 Na6 13.Rd1 Re8 14.g4 e4 15.gxh5 exf3
16.Nxf3 gxh5 17.Kf2 Bg4 18.Bd4 Qd6 19.Bxg7 Kxg7 20.Bb5 Qc5+ 21.Qd4+ Qxd4+
22.Rxd4 Red8 23.Bxa6 bxa6 24.d6 f6 25.Re1 Rd7 26.Ne4 Rad8 27.Red1 Nc8 28.R1d2 Kf7
29.Rc2 Bf5 30.Nfd2 Nxd6 31.Nxd6+ Rxd6 32.Rc7+ R8d7 33.Rxd7+ Rxd7 34.Rxd7+ Bxd7
35.Ke3 Ke6 36.Ne4 Kf5 37.Kd4 Bc6 38.Nd6+ Kg4 39.Ke3 Kxh4 40.Kf4 Kh3 41.Nf5 h4
42.b3 Bd7 43.Ne3 Kh2 44.Kf3 Kg1 45.Nd5 Bc6  0-1

[Event "ACP Blitz Prelim4"]
[Site "playchess.com INT"]
[Date "2004.04.15"]
[Round "8"]
[White "Battesti,S"]
[Black "Psakhis,L"]
[Result "0-1"]
[WhiteElo "1864"]
[BlackElo "2545"]

1.Nf3 Nf6 2.g3 b6 3.Bg2 Bb7 4.O-O d5 5.d4 e6 6.Nbd2 c5 7.e3 Be7 8.c4 dxc4
9.Nxc4 O-O 10.Nce5 Nbd7 11.b3 Nxe5 12.Nxe5 Bxg2 13.Kxg2 cxd4 14.exd4 Rc8
15.Bb2 Qd5+ 16.f3 Ne8 17.Rc1 Nd6 18.Qd3 Nf5 19.Kf2 Rcd8 20.Rfd1 Bf6 21.Qc4 Qxc4
22.bxc4 Rc8 23.Nd7 Rfd8 24.Nxf6+ gxf6 25.d5 e5 26.Ba3 Nd6 27.Bxd6 Rxd6 28.Ke3 Rc5
29.Ke4 Kg7 30.Kf5 Ra5 31.Rc2 Ra3 32.f4 exf4 33.Kxf4 Kg6 34.Re1 Rd7 35.Re8 Kg7
36.Ree2 b5 37.Red2 Ra4 38.Rd4 bxc4 39.Rcxc4 Rxc4 40.Rxc4 Rxd5 41.Rc7 Ra5
42.Rc2 Ra3 43.Kf5 Ra4 44.Rb2 Ra5+ 45.Kf4 Kg6 46.h3 f5 47.g4 fxg4 48.hxg4 Ra4+  0-1

[Event "ACP Blitz Prelim4"]
[Site "playchess.com INT"]
[Date "2004.04.15"]
[Round "14"]
[White "Psakhis,L"]
[Black "Skripchenko,A"]
[Result "1-0"]
[WhiteElo "2545"]
[BlackElo "2456"]

1.c4 e5 2.g3 Nc6 3.Bg2 f5 4.Nc3 Nf6 5.a3 g6 6.b4 Bg7 7.Bb2 O-O 8.d3 d6 9.e3 f4
10.gxf4 exf4 11.e4 Ne5 12.Qc2 c5 13.Nf3 Nh5 14.Nxe5 Bxe5 15.Bf3 Ng7 16.h4 h5
17.O-O-O Kh7 18.Rdg1 Bd7 19.bxc5 dxc5 20.Nd5 Qe8 21.Rg5 Bxb2+ 22.Qxb2 Ne6
23.Nf6+ Rxf6 24.Qxf6 Nxg5 25.hxg5 Qe6 26.Qxf4 Be8 27.Qf6 Bf7 28.Bxh5 gxh5
29.Rxh5+  1-0

[Event "ACP Blitz Prelim4"]
[Site "playchess.com INT"]
[Date "2004.04.15"]
[Round "15"]
[White "Fridman,D2"]
[Black "Psakhis,L"]
[Result "1-0"]
[WhiteElo "2594"]
[BlackElo "2545"]

1.c4 c5 2.g3 Nc6 3.Bg2 g6 4.Nc3 Bg7 5.e3 Bxc3 6.bxc3 f5 7.h4 Nf6 8.h5 Rg8
9.hxg6 hxg6 10.d3 d6 11.Nf3 Qd7 12.Ng5 b6 13.e4 Bb7 14.exf5 gxf5 15.Bd5 Nd8
16.Rh7 Bxd5 17.cxd5 Nb7 18.Ne6 c4 19.d4 Rc8 20.Bg5 Rxg5 21.Nxg5 Nxh7 22.Qh5+ Kd8
23.Ne6+ Qxe6+ 24.dxe6 Nf6 25.Qxf5 Kc7 26.O-O-O Na5 27.Rh1 Nc6 28.g4 d5 29.f3 Ne8
30.Qxd5 Nd6 31.Rh7 Rf8 32.Kd2 Rf4 33.Ke3 Rf6 34.f4 Rf8 35.f5 Rg8 36.Kf4 Rf8
37.g5  1-0

[Event "ACP Blitz Prelim4"]
[Site "playchess.com INT"]
[Date "2004.04.15"]
[Round "17"]
[White "Tregubov,P"]
[Black "Psakhis,L"]
[Result "1-0"]
[WhiteElo "2636"]
[BlackElo "2545"]

1.d4 Nf6 2.c4 e6 3.Nf3 b6 4.g3 Ba6 5.Nbd2 d5 6.Bg2 Be7 7.O-O O-O 8.Ne5 Bb7
9.b3 c5 10.cxd5 exd5 11.Bb2 Nbd7 12.Ndc4 Re8 13.dxc5 Nxe5 14.Bxe5 bxc5 15.Rc1 Ne4
16.Bxe4 dxe4 17.Nd6 Bxd6 18.Qxd6 Qa5 19.Rxc5 Qxa2 20.Bxg7 Re6 21.Qd7 Kxg7
22.Qxb7 Rd8 23.e3 Rd2 24.Rg5+ Rg6 25.Rf5 Rf6 26.Rxf6 Kxf6 27.Qxe4 Qxb3 28.Qxh7 Rd1
29.Qh4+  1-0

[Event "3rd ACP Blitz Prelim3"]
[Site "playchess.com INT"]
[Date "2004.06.02"]
[Round "5"]
[White "Fontaine,R"]
[Black "Psakhis,L"]
[Result "0-1"]
[WhiteElo "2525"]
[BlackElo "2545"]

1.e4 e6 2.d4 d5 3.Nc3 Bb4 4.Ne2 dxe4 5.a3 Bxc3+ 6.Nxc3 Nc6 7.Bb5 Ne7 8.Nxe4 Qd5
9.Qe2 Qxd4 10.O-O O-O 11.Rd1 Qe5 12.f4 Qf5 13.Ng3 Qf6 14.Nh5 Qg6 15.Bd3 f5
16.Be3 Nd5 17.Ng3 Qf6 18.c3 Nxe3 19.Qxe3 e5 20.Kh1 e4 21.Bb5 b6 22.Bxc6 Qxc6
23.Rd4 Be6 24.Rad1 Qe8 25.h3 Qf7 26.Kh2 h6 27.R1d2 Rae8 28.a4 a5 29.b4 axb4
30.cxb4 c5 31.Rd6 cxb4 32.Rxb6 b3 33.a5 Rb8 34.Rdd6 b2 35.Rxe6 b1=Q 36.Rxb1 Rxb1
37.Rd6 Qb3 38.Qd4 Qb4 39.Qd5+ Kh8 40.Nxf5 Rxf5 41.Qa8+ Kh7 42.Rd8 Qe7 43.Re8 Qb7
44.Rh8+ Kg6 45.Qe8+ Qf7 46.Qxe4 Rf1 47.g4 Qa2+ 48.Qg2 Rf2 49.gxf5+ Kf7 50.Rf8+ Kxf8  0-1

[Event "3rd ACP Blitz Prelim3"]
[Site "playchess.com INT"]
[Date "2004.06.02"]
[Round "14"]
[White "Psakhis,L"]
[Black "Grabuzova,T"]
[Result "1-0"]
[WhiteElo "2545"]
[BlackElo "2348"]

1.d4 d5 2.c4 dxc4 3.e3 Nf6 4.Bxc4 g6 5.Nf3 Bg7 6.O-O O-O 7.Nc3 Ne8 8.Be2 Bg4
9.h3 Bxf3 10.Bxf3 c6 11.Bd2 Nd7 12.Qc2 Nd6 13.Rad1 Qc7 14.Na4 e5 15.dxe5 Nxe5
16.Be2 b6 17.b4 b5 18.Nc5 Nec4 19.Bc3 Bxc3 20.Qxc3 a5 21.a3 axb4 22.axb4 Ra3
23.Qd4 Nf5 24.Qf6 Nfd6 25.Bf3 Ra2 26.Rfe1 Nd2 27.Be2 N6e4 28.Nxe4 Nxe4 29.Qd4 f5
30.Rc1 Rd8 31.Rxc6 Rxd4 32.Rxc7 Rxb4 33.Rd1 Nd2 34.Rb7 Rbb2 35.Bxb5 Kf8 36.Rc1 Rc2
37.Rxc2 Rxc2 38.Rxh7 Ne4 39.f3 Ng3 40.Kh2 Ne2 41.Rb7 Rb2 42.Bc6 Rxb7 43.Bxb7 Nc3
44.Kg3 Ke7 45.Kf4 Kf6 46.Kg3 Ne2+ 47.Kf2 Nc3 48.h4 Na4 49.g3 Nc5 50.Ba8 Nd3+
51.Ke2 Ne5 52.e4 fxe4 53.Bxe4 Nc4 54.Kd3 Nd6 55.Ke3 Ke5 56.Bxg6  1-0

[Event "3rd ACP Blitz Prelim3"]
[Site "playchess.com INT"]
[Date "2004.06.02"]
[Round "16"]
[White "Psakhis,L"]
[Black "Fontaine,R"]
[Result "1-0"]
[WhiteElo "2545"]
[BlackElo "2525"]

1.e4 e5 2.Nf3 Nc6 3.Bb5 a6 4.Ba4 Nf6 5.O-O b5 6.Bb3 Be7 7.Re1 d6 8.c3 O-O
9.d3 Be6 10.Nbd2 Qd7 11.Nf1 Rfe8 12.h3 g6 13.Ng3 Bf8 14.d4 Bxb3 15.Qxb3 Bg7
16.Bg5 Na5 17.Qd1 Nc4 18.b3 Nb6 19.Qd3 h6 20.Be3 exd4 21.cxd4 Qe7 22.d5 Nbd7
23.Bd4 Rac8 24.Rac1 Nc5 25.Bxc5 dxc5 26.e5 Nd7 27.e6 Nb6 28.Ne5 fxe6 29.Nxg6 Qf6
30.Nh5 Qd4 31.Qg3 Nxd5 32.Rcd1 Qc3 33.Rd3 Qxe1+ 34.Kh2 Qe4 35.Rf3 Ne7 36.Nxe7+ Rxe7
37.Nf6+ Kh8 38.Nxe4 Rg8 39.Qf4 Rd7 40.Rg3 Rd5 41.Qh4 h5 42.Nf6 Rgd8 43.Nxh5 Rxh5
44.Qxh5+ Kg8 45.Rxg7+ Kxg7 46.Qg5+  1-0

[Event "3rd ACP Blitz Prelim3"]
[Site "playchess.com INT"]
[Date "2004.06.02"]
[Round "18"]
[White "Psakhis,L"]
[Black "Karjakin,Sergey"]
[Result "1/2-1/2"]
[WhiteElo "2545"]
[BlackElo "2580"]

1.Nf3 c5 2.g3 Nc6 3.Bg2 g6 4.c4 Bg7 5.Nc3 e5 6.d3 d6 7.Nd2 Nge7 8.Nf1 a6
9.Ne3 Rb8 10.a4 Nb4 11.O-O O-O 12.Bd2 b6 13.Ncd5 Nexd5 14.Nxd5 Nxd5 15.Bxd5 a5
16.e4 Kh8 17.Bc3 Bh3 18.Re1 f5 19.exf5 Bxf5 20.Qe2 Qd7 21.f3 Rbe8 22.Be4 Be6
23.Kg2 Rf7 24.h4 d5 25.cxd5 Bxd5 26.Bxd5 Qxd5 27.Qe4 Rd7 28.Rad1 Kg8 29.h5 gxh5
30.Rh1 Red8 31.Qf5 e4 32.Qxd5+ Rxd5 33.fxe4 Rxd3 34.Rxd3 Rxd3 35.e5 Re3 36.Rxh5 Re4
37.Rh4 Rxh4 38.gxh4 Bh6 39.e6 Kf8 40.Bf6 Be3 41.b3 Bd4 42.Bd8 Ke8 43.Bxb6 Ke7
44.Bxa5 Kxe6 45.Bd2 h5 46.Kf3 Kd5 47.Kf4 Bf6 48.Be1 c4 49.bxc4+ Kxc4 50.a5 Kb5
51.Kf5 Bxh4 52.Bxh4 Kxa5 53.Kg5 Kb5 54.Kxh5  1/2-1/2

[Event "3rd ACP Blitz Prelim3"]
[Site "playchess.com INT"]
[Date "2004.06.02"]
[Round "20"]
[White "Psakhis,L"]
[Black "Paehtz,E"]
[Result "1/2-1/2"]
[WhiteElo "2545"]
[BlackElo "2385"]

1.Nf3 Nf6 2.c4 c6 3.g3 g6 4.b3 Bg7 5.Bb2 O-O 6.Bg2 d5 7.O-O Bg4 8.d3 Nbd7
9.Nbd2 a5 10.a3 Qb6 11.Qc2 Rac8 12.e4 dxe4 13.dxe4 Nc5 14.e5 Bf5 15.Qd1 Nfe4
16.Bd4 Nxd2 17.Qxd2 Rfd8 18.Qe3 Rxd4 19.Nxd4 Bd7 20.Ne2 Be6 21.Nf4 Bf5 22.Rfe1 Rd8
23.Rad1 Rxd1 24.Rxd1 Bf8 25.Re1 Bc2 26.a4 Qb4 27.Rc1 Bxb3 28.Rb1 Qxc4 29.e6 f5
30.h4 Bg7 31.h5 Bd4 32.Qe1 Bc2 33.hxg6 hxg6 34.Nxg6 Bf6 35.Ra1 Nd3 36.Qf1 Qxe6
37.Ra3 Qc4 38.Nf4 Ne5 39.Qxc4+ Nxc4 40.Ra2 Bb3 41.Re2 Bxa4 42.Nh5 b5 43.Nxf6+ exf6
44.Bxc6 Kg7 45.Re7+ Kg6 46.Rb7 Na3 47.Ra7 Nc4 48.f4 Kh5 49.Kf2 Kg6 50.Ra8 Kh6
51.Rb8 Na3 52.Rb6 Nc4 53.Rb7 Na3 54.Be8 Bc2 55.Bxb5 a4 56.Be8 Nc4 57.Rb4 Nd6
58.Bd7 Ne4+ 59.Kg1 a3 60.Be6 Nc5 61.Bd5 Nd3 62.Rb8 Nc1 63.Ra8 Ne2+ 64.Kf2 Nc3
65.Be6 Ne4+ 66.Ke3 Nxg3 67.Rxa3 Ne4 68.Ra6 Nc5 69.Rc6 Nxe6 70.Rxc2 Kg6 71.Rc6 Ng7
72.Kd4 Nh5 73.Ke3 Ng7 74.Ra6 Nh5 75.Ra1 Ng7 76.Rg1+ Kf7 77.Rg2 Ne6 78.Kf3 Ng7
79.Kg3 Ne6 80.Rh2 Ng7 81.Rh7 Kg6 82.Rh8 Nh5+ 83.Kf3 Ng7 84.Ra8 Kf7 85.Ke3 Kg6
86.Ra7 Nh5 87.Ra4 Ng7 88.Rc4 Kf7 89.Rb4 Kg6 90.Kd4 Ne6+ 91.Kd5 Ng7 92.Kd6 Nh5
93.Ke7 Ng3 94.Kf8 Ne4 95.Kg8 Kh5 96.Kf7 Kg4 97.Ke6 Kxf4 98.Rb5 Ng5+ 99.Ke7 Ne4
100.Ke6 Ng5+ 101.Kxf6 Ne4+ 102.Kg6 Ng3 103.Rb4+ Ne4 104.Ra4 Ke5 105.Ra5+ Kd4
106.Rxf5 Nc5 107.Rf8 Kc4 108.Kf6 Kd4 109.Rd8+ Kc4 110.Ke5 Nd3+ 111.Ke4 Nc5+
112.Ke3 Kb4 113.Rd5 Nb3 114.Kd3 Nc5+ 115.Kd4 Nb3+ 116.Ke5 Nc5 117.Rd4+ Kb5
118.Kd5 Nb3 119.Rd1 Kb4 120.Rb1 Kc3 121.Rxb3+ Kxb3  1/2-1/2

[Event "EuCh-Internet KO"]
[Site "playchess.com INT"]
[Date "2004.11.07"]
[Round "2.2"]
[White "Azarov,S"]
[Black "Psakhis,L"]
[Result "0-1"]
[WhiteElo "2556"]
[BlackElo "2545"]


1.e4 e6 2.d4 d5 3.Nd2 c5 4.exd5 exd5 5.Ngf3 Nf6 6.Bb5+ Bd7 7.Bxd7+ Nbxd7
8.O-O Be7 9.dxc5 Nxc5 10.b3 O-O 11.Bb2 Rc8 12.Ne5 Nce4 13.Ndf3 Qc7 14.Rc1 Nc3
15.Bxc3 Qxc3 16.Re1 Ba3 17.Rb1 Qxc2 18.Nd4 Qxd1 19.Rbxd1 g6 20.Nb5 Bb4 21.Re2 a6
22.Nd4 Ne4 23.Re3 Nc3 24.Ra1 Nxa2 25.Nd7 Rfd8 26.Nb6 Rc1+ 27.Rxc1 Nxc1 28.Na4 Rc8
29.g4 Kg7 30.Kg2 Kf8 31.g5 Ba5 32.Re5 b5 33.Rxd5 bxa4 34.Rxa5 axb3 35.Rxa6 b2
36.Rb6 Nd3 37.Ne2 Rc5 38.h4 Rc4 39.Kf3 Nb4 40.Rb8+ Ke7 41.Rb7+ Kd8  0-1

[Event "EuCh-Internet KO"]
[Site "playchess.com INT"]
[Date "2004.11.07"]
[Round "2.1"]
[White "Psakhis,L"]
[Black "Azarov,S"]
[Result "1-0"]
[WhiteElo "2545"]
[BlackElo "2556"]


1.c4 Nf6 2.Nc3 e6 3.d4 b6 4.e4 Bb7 5.Bd3 Bb4 6.Qe2 c5 7.a3 Ba5 8.d5 O-O 9.Be3 Re8
10.f3 exd5 11.cxd5 Bxc3+ 12.bxc3 Bxd5 13.exd5 Nxd5 14.Bxh7+ Kxh7 15.Qd3+ Kg8
16.Qxd5 Rxe3+ 17.Kf2 Rxc3 18.Ne2 Rc2 19.Qxa8 d5 20.Rhc1 Rb2 21.Kf1 d4 22.Qe4 Nd7
23.Qd5 Qe8 24.Re1 Nf6 25.Qc4 Qe3 26.Rad1 g6 27.Qc1 Qb3 28.Rd2 Rxd2 29.Qxd2 Nd5
30.Nxd4 cxd4 31.Qxd4 Qb5+ 32.Kg1 Qc6 33.Rd1 Nf6 34.h4 Kg7 35.Qe5 Qc2 36.Rd6 Qc1+
37.Kh2 Qh6 38.Qxf6+ Kh7 39.Qxf7+  1-0

[Event "EuCh-Internet KO"]
[Site "playchess.com INT"]
[Date "2004.11.07"]
[Round "2.3"]
[White "Psakhis,L"]
[Black "Azarov,S"]
[Result "1/2-1/2"]
[WhiteElo "2545"]
[BlackElo "2556"]


1.c4 Nf6 2.Nc3 e6 3.d4 Bb4 4.Qc2 d5 5.cxd5 Qxd5 6.Nf3 Qf5 7.Qxf5 exf5 8.a3 Be7
9.g3 c6 10.Bg2 h6 11.O-O Be6 12.b4 Nbd7 13.Bf4 O-O 14.Rfc1 a6 15.Na4 Nd5
16.Nc5 Ra7 17.Rab1 N7b6 18.Bd2 Rd8 19.e3 Nf6 20.Nxe6 fxe6 21.Be1 Na4 22.Ne5 Nd5
23.Nd3 a5 24.bxa5 Bxa3 25.Rc4 b5 26.Rxc6 b4 27.Bxd5 exd5 28.Bxb4 Rb8 29.Ra1 Bxb4
30.Rxa4  1/2-1/2